000 00283nam a2200133Ia 4500
100 _aBADVE/S.M.
942 _cBK
654 _acalculus
245 _aDifferential Calculus
260 _bSomaiya Publications
_aBombay
_c1971
082 _a515.33
300 _a172
546 _aENGLISH
999 _c31692
_d31692